Beybi Bibi : (Record no. 103574)
[ view plain ]
| 000 -LEADER | |
|---|---|
| fixed length control field | 00782nam a2200169 a 4500 |
| 005 - DATE AND TIME OF LATEST TRANSACTION | |
| control field | 20140412111304.0 |
| 008 - FIXED-LENGTH DATA ELEMENTS--GENERAL INFORMATION | |
| fixed length control field | 030414s19uu xx 00 eng d |
| 050 ## - LIBRARY OF CONGRESS CALL NUMBER | |
| Classification number | Fil E |
| Item number | Be35 |
| 245 ## - TITLE STATEMENT | |
| Title | Beybi Bibi : |
| Remainder of title | lahat ay magaling kumanta sa wikang kanila. |
| 260 ## - PUBLICATION, DISTRIBUTION, ETC. (IMPRINT) | |
| Place of publication, distribution, etc | Taguig, M. Mla., Philippines : |
| Name of publisher, distributor, etc | NCP Publishing Corporation. |
| 300 ## - PHYSICAL DESCRIPTION | |
| Extent | 1 v. (unp.) ; ill. |
| 440 ## - SERIES STATEMENT/ADDED ENTRY--TITLE | |
| Title | Bulilit |
| 520 ## - SUMMARY, ETC. | |
| Summary, etc | Beybi Bibi wanted to learn how to sing but Mother Duck was not around to teach her. So she looked for someone to teach her how to sing. She approached some of her nieghbors like Metring Kuting, Ging Kanding and Mayitik. but she could not imitate them because their songs were different. |
| 650 ## - SUBJECT ADDED ENTRY--TOPICAL TERM | |
| Topical term or geographic name as entry element | Children stories, Filipino |
| 650 ## - SUBJECT ADDED ENTRY--TOPICAL TERM | |
| Topical term or geographic name as entry element | Ducklings--Fiction |
| Withdrawn status | Lost status | Damaged status | Use restrictions | Home library | Current library | Shelving location | Date acquired | Source of acquisition | Total Checkouts | Full call number | Barcode | Date last seen | Price effective from | Koha item type |
|---|---|---|---|---|---|---|---|---|---|---|---|---|---|---|
| Elizalde Library | Elizalde Library | Filipiniana Section | 04/14/2003 | Fil E Be35 | E5342 | 04/12/2014 | 04/12/2014 | Books |